Statistics for Dates of Historical Events #3

Click here to take the quiz!

General Stats

  • This quiz has been taken 137 times
  • The average score is 12 of 15

Answer Stats

Historical EventYear% Correct
Beginning of WW21939
100%
End of WW21945
99%
Fall of the Wall (Germany)1989
94%
Terrorist Attack on the World Trade Center2001
94%
D-Day (Operation Overlord)1944
93%
Disintegration of the Soviet Union1991
87%
NSDAP gains power in Germany1933
85%
Korean War1950-1953
85%
Great Depression1929
83%
Creation of Israel1948
77%
Foundation of the BRD (West Germany)1949
69%
Foundation of Turkey/Turkiye1923
62%
Death of Francisco Franco1975
60%
Student Demonstration Movement1968
58%
Foundation of the European Union1993
54%

Score Distribution

Percentile by Number Answered

Percent of People with Each Score

Your Score History

You have not taken this quiz